书目信息 |
| 题名: |
日出(电视剧文学本)
|
|
| 作者: | 万方,程世鉴著 | |
| 分册: | ||
| 出版信息: | 北京 中国社会科学出版社 2002 |
|
| 页数: | 492页 | |
| 开本: | 21cm | |
| 丛书名: | ||
| 单 册: | ||
| 中图分类: | I235.2 | |
| 科图分类: | ||
| 主题词: | 电视文学剧本--中国--当代 | |
| 电子资源: | ||
| ISBN: | 7-5004-3522-3 | |
| 000 | 00542Pam2 2200193 45 | |
| 001 | JMS0002661 | |
| 005 | 20040129143510.9 | |
| 010 | @a7-5004-3522-3@dCNY26.80 | |
| 100 | @a20030410d2002 ekmy1chiy0120 ea | |
| 101 | 0 | @achi |
| 105 | @af z 000by | |
| 200 | 1 | @a日出(电视剧文学本)@f万方,程世鉴著 |
| 210 | @a北京@c中国社会科学出版社@d2002 | |
| 215 | @a492页@c图@d21cm | |
| 300 | @a根据戏剧大师曹禺同名话剧改编 | |
| 606 | 0 | @a电视文学剧本@y中国@z当代 |
| 690 | @aI235.2@v4 | |
| 801 | @aCN@bTSTCL@c20040129 | |
| 905 | @b332967-976@dI235.2@e120@f10 | |
| 日出(电视剧文学本)/万方,程世鉴著.-北京:中国社会科学出版社,2002 |
| 492页:图;21cm |
| 根据戏剧大师曹禺同名话剧改编 |
| ISBN 7-5004-3522-3:CNY26.80 |
| ● |
| 相关链接 |
|
|
|
|
正题名:日出(电视剧文学本)
索取号:I235.2/120
 
预约/预借
| 序号 | 登录号 | 条形码 | 馆藏地/架位号 | 状态 | 备注 |
| 1 | 0332967 | 203329674 | 第二借阅区/ [索取号:I235.2/120] | 在馆 | |
| 2 | 0332968 | 203329683 | 第二借阅区/ [索取号:I235.2/120] | 在馆 | |
| 3 | 0332969 | 203329692 | 第二借阅区/ [索取号:I235.2/120] | 在馆 | |
| 4 | 0332970 | 203329709 | 第二借阅区/ [索取号:I235.2/120] | 在馆 | |
| 5 | 0332971 | 203329718 | 第二借阅区/ [索取号:I235.2/120] | 在馆 | |
| 6 | 0332972 | 203329727 | 第二借阅区/ [索取号:I235.2/120] | 在馆 | |
| 7 | 0332973 | 203329736 | 第二借阅区/ [索取号:I235.2/120] | 在馆 | |
| 8 | 0332974 | 203329745 | 第二借阅区/ [索取号:I235.2/120] | 在馆 | |
| 9 | 0332975 | 203329754 | 第二借阅区/ [索取号:I235.2/120] | 在馆 | |
| 10 | 0332976 | 203329763 | 第一样本阅览室/ [索取号:I235.2/120] | 在馆 |